LEADER 02801nam0 2200469 i 450 001 RAV0166149 005 20251003044326.0 100 $a20020527d1934 ||||0itac50 ba 101 | $aita 102 $ait 181 1$6z01$ai $bxxxe 182 1$6z01$an 183 1$6z01$anc$2RDAcarrier 200 1 $aˆLa ‰finanza italiana nel ventennio 1913-1932$ela gestione del bilancio, del patrimonio e della tesoreria dello stato$fF. A. Repaci 210 $aTorino$cEinaudi$d1934 215 $a316 p.$d25 cm 225 | $aCollezione di opere scientifiche 410 0$1001RAV0166150$12001 $aCollezione di opere scientifiche 500 10$aˆLa ‰finanza italiana nel ventennio 1913-1932.$3MSE0073216$9IEIV015489$9419505 606 $aItalia$xFinanza$x1913-1932$2FIR$3LO1C212753$9I 676 $a330.122$9Economia della libera impresa (Capitalismo)$v22 676 $a336.45$9FINANZA PUBBLICA. Italia$v23 686 $aSe.i.8.1$cStoria dell'economia italiana. 1915-1918. L'indebitamento e le finanze di guerra$2F 686 $aSe.i.9.1$cStoria dell'economia italiana. 1919-1940. Dalla crisi del 1920 alla grande crisi del 1929$2F 686 $aSe.i.9.2$cStoria dell'economia italiana. 1919-1940. Dalla depressione economica alla guerra d'Etiopia e alle sanzioni economiche$2F 696 $aAttività finanziarie$aIndustria finanziaria$aEconomia finanziaria 699 $aFinanza$zAttività finanziarie 699 $aFinanza$yIndustria finanziaria 699 $aFinanza$yEconomia finanziaria 700 1$aRèpaci$b, Francesco A.$3IEIV015489$4070$0411895 790 1$aRèpaci$b, F. A.$3SBNV003233$zRèpaci, Francesco A. 790 1$aRèpaci$b, Francesco Antonio$3SBNV003234$zRèpaci, Francesco A. 801 3$aIT$bIT-000000$c20020527 850 $aIT-BN0095 $aIT-NA0120 $aIT-AV0004 901 $bNAP 01$cD $n$ 901 $bNAP DV$cS. MODERNA$n$ 901 $bNAP 01$cPOZZO LIB.$nVi sono collocati fondi di economia, periodici di ingegneria e scienze, periodici di economia e statistica e altri fondi comprendenti documenti di economia pervenuti in dono. 912 $aRAV0166149 950 0$aBiblioteca Centralizzata di Ateneo$d 01D (AR) 5 835$e 01AR 0070058355 VMF 1 v.$fB $h20230830$i20230830$lFondo Chiomenti$mEx Libris$c1 v. in due copie$d 01POZZO LIB.STORICA 4$e 0101 0000158255E VMA 1 v. (Precedente collocazione STORICA C 2)$fB $h20091222$i20091222$c1 v. in due copie$d 01POZZO LIB.STORICA 4$e 0101 0700193245E VMA (bis 1 v. (2. copia. - Precedente collocazione: 19 EC 324)$fB $h20230925$i20230925 977 $a 01$a CR$a DV 996 $aFinanza Italiana nel ventennio 1913-1932$9419505 997 $aUNISANNIO